[Event "Rapid Tournament (RAP)"]
[Site "Biel, CH"]
[Date "2025.07.13"]
[Round "6"]
[White "Thorens, Johan"]
[Black "Sauvin, Jacques"]
[Result "1/2-1/2"]
[Board "37"]
[WhiteFideId "1364375"]
[BlackFideId "1301888"]
[WhiteElo "1657"]
[BlackElo "2147"]
[WhiteTeam "SUI"]
[BlackTeam "SUI"]
[WhiteClock "0:00:23"]
[BlackClock "0:00:30"]
[Variant "Standard"]

1. c4 {[%clk 0:15:08]}  e6 {[%clk 0:15:07]} 2. Nc3 {[%clk 0:15:10]}  d5 {[%clk 0:15:11]} 3. d4 {[%clk 0:15:02]}  Nf6 {[%clk 0:15:12]} 4. Nf3 {[%clk 0:15:03]}  c6 {[%clk 0:15:11]} 5. c5 {[%clk 0:14:40]}  b6 {[%clk 0:15:09]} 6. cxb6 {[%clk 0:14:21]}  axb6 {[%clk 0:15:10]} 7. Bf4 {[%clk 0:13:54]}  Nbd7 {[%clk 0:15:00]} 8. e3 {[%clk 0:13:34]}  Be7 {[%clk 0:15:00]} 9. Bd3 {[%clk 0:13:19]}  O-O {[%clk 0:14:54]} 10. O-O {[%clk 0:13:29]}  Ba6 {[%clk 0:14:54]} 11. Bxa6 {[%clk 0:12:26]}  Rxa6 {[%clk 0:14:57]} 12. Qd3 {[%clk 0:12:20]}  Ra8 {[%clk 0:14:58]} 13. Rfc1 {[%clk 0:12:10]}  Nh5 {[%clk 0:14:03]} 14. Ne2 {[%clk 0:11:46]}  Nxf4 {[%clk 0:13:48]} 15. Nxf4 {[%clk 0:11:30]}  c5 {[%clk 0:13:37]} 16. b3 {[%clk 0:09:41]}  g6 {[%clk 0:13:25]} 17. Ne2 {[%clk 0:09:04]}  Bf6 {[%clk 0:13:00]} 18. a4 {[%clk 0:08:43]}  Be7 {[%clk 0:12:35]} 19. Rc2 {[%clk 0:07:26]}  Bd6 {[%clk 0:12:14]} 20. Nc3 {[%clk 0:06:53]}  Nf6 {[%clk 0:12:04]} 21. Nb5 {[%clk 0:06:35]}  Rc8 {[%clk 0:11:15]} 22. Na7 {[%clk 0:05:42]}  Ra8 {[%clk 0:10:55]} 23. Nb5 {[%clk 0:05:44]}  Qd7 {[%clk 0:10:53]} 24. Nxd6 {[%clk 0:05:19]}  Qxd6 {[%clk 0:10:56]} 25. dxc5 {[%clk 0:05:15]}  bxc5 {[%clk 0:10:58]} 26. a5 {[%clk 0:04:16]}  Rfb8 {[%clk 0:10:27]} 27. Nd2 {[%clk 0:04:25]}  Nd7 {[%clk 0:09:15]} 28. Ne4 {[%clk 0:03:50]}  Qe5 {[%clk 0:09:03]} 29. Rd1 {[%clk 0:03:17]}  Qxe4 {[%clk 0:09:04]} 30. Qxe4 {[%clk 0:03:19]}  dxe4 {[%clk 0:09:07]} 31. Rxd7 {[%clk 0:03:21]}  Rxa5 {[%clk 0:09:05]} 32. h3 {[%clk 0:03:09]}  Rxb3 {[%clk 0:08:51]} 33. Rc7 {[%clk 0:02:17]}  Kg7 {[%clk 0:07:12]} 34. R7xc5 {[%clk 0:02:50]}  Rxc5 {[%clk 0:07:15]} 35. Rxc5 {[%clk 0:02:53]}  Rb7 {[%clk 0:06:52]} 36. Kh2 {[%clk 0:02:52]}  f5 {[%clk 0:06:46]} 37. Kg3 {[%clk 0:02:51]}  Kf6 {[%clk 0:06:09]} 38. h4 {[%clk 0:02:10]}  h6 {[%clk 0:06:44]} 39. Rc8 {[%clk 0:01:46]}  g5 {[%clk 0:05:18]} 40. h5 {[%clk 0:00:57]}  Kf7 {[%clk 0:04:33]} 41. Rh8 {[%clk 0:01:09]}  Kg7 {[%clk 0:04:35]} 42. Re8 {[%clk 0:01:09]}  Rb6 {[%clk 0:04:32]} 43. Re7+ {[%clk 0:01:05]}  Kf6 {[%clk 0:02:59]} 44. Rh7 {[%clk 0:00:58]}  Ke5 {[%clk 0:03:02]} 45. Rxh6 {[%clk 0:00:36]}  Rb2 {[%clk 0:02:49]} 46. f4+ {[%clk 0:00:31]}  exf3 {[%clk 0:02:44]} 47. gxf3 {[%clk 0:00:34]}  f4+ {[%clk 0:02:31]} 48. exf4+ {[%clk 0:00:36]}  gxf4+ {[%clk 0:02:34]} 49. Kg4 {[%clk 0:00:21]}  Rg2+ {[%clk 0:02:37]} 50. Kh3 {[%clk 0:00:24]}  Rg1 {[%clk 0:02:25]} 51. Rg6 {[%clk 0:00:19]}  Rh1+ {[%clk 0:01:01]} 52. Kg4 {[%clk 0:00:23]}  Rg1+ {[%clk 0:01:01]} 53. Kh3 {[%clk 0:00:26]}  Rh1+ {[%clk 0:01:04]} 54. Kg4 {[%clk 0:00:30]}  Rg1+ {[%clk 0:00:28]} 55. Kh3 {[%clk 0:00:23]}  Rh1+ {[%clk 0:00:30]} 1/2-1/2

[Event "Rapid Tournament (RAP)"]
[Site "Biel, CH"]
[Date "2025.07.13"]
[Round "6"]
[White "Frey,Fabian"]
[Black "Groux, Mathias"]
[Result "1-0"]
[Board "38"]
[WhiteFideId "1336487"]
[BlackFideId "1360752"]
[WhiteElo "2102"]
[BlackElo "1804"]
[WhiteTeam "SUI"]
[BlackTeam "SUI"]
[WhiteClock "0:14:24"]
[BlackClock "0:04:23"]
[Variant "Standard"]

1. e4 {[%clk 0:15:07]}  d5 {[%clk 0:14:59]} 2. exd5 {[%clk 0:15:10]}  Nf6 {[%clk 0:15:03]} 3. Bb5+ {[%clk 0:15:14]}  Bd7 {[%clk 0:14:33]} 4. Bc4 {[%clk 0:15:18]}  c6 {[%clk 0:14:25]} 5. dxc6 {[%clk 0:15:19]}  Nxc6 {[%clk 0:14:27]} 6. Nf3 {[%clk 0:15:19]}  g6 {[%clk 0:14:22]} 7. O-O {[%clk 0:15:04]}  Bg7 {[%clk 0:14:26]} 8. h3 {[%clk 0:15:07]}  O-O {[%clk 0:14:24]} 9. d4 {[%clk 0:15:11]}  Rc8 {[%clk 0:14:22]} 10. Be2 {[%clk 0:14:59]}  Nd5 {[%clk 0:13:51]} 11. c4 {[%clk 0:14:54]}  Nb6 {[%clk 0:13:10]} 12. Nc3 {[%clk 0:15:08]}  Bf5 {[%clk 0:12:57]} 13. Be3 {[%clk 0:15:06]}  Re8 {[%clk 0:11:48]} 14. Rc1 {[%clk 0:15:06]}  a6 {[%clk 0:10:27]} 15. b3 {[%clk 0:15:09]}  Qc7 {[%clk 0:10:28]} 16. Nd5 {[%clk 0:15:02]}  Qd8 {[%clk 0:10:07]} 17. Nxb6 {[%clk 0:15:01]}  Qxb6 {[%clk 0:10:10]} 18. d5 {[%clk 0:15:04]}  Qa5 {[%clk 0:09:41]} 19. dxc6 {[%clk 0:15:01]}  Rxc6 {[%clk 0:09:33]} 20. Qe1 {[%clk 0:14:52]}  Qxa2 {[%clk 0:09:31]} 21. Nd4 {[%clk 0:14:36]}  Bxd4 {[%clk 0:09:08]} 22. Bxd4 {[%clk 0:14:39]}  Re6 {[%clk 0:09:12]} 23. Be3 {[%clk 0:14:38]}  Qxb3 {[%clk 0:08:54]} 24. Qc3 {[%clk 0:14:37]}  Qa2 {[%clk 0:08:00]} 25. Bf3 {[%clk 0:14:34]}  b5 {[%clk 0:06:13]} 26. cxb5 {[%clk 0:14:09]}  axb5 {[%clk 0:06:12]} 27. Ra1 {[%clk 0:14:13]}  Qc4 {[%clk 0:05:49]} 28. Qxc4 {[%clk 0:14:14]}  bxc4 {[%clk 0:05:53]} 29. Bd5 {[%clk 0:14:18]}  Rd6 {[%clk 0:04:44]} 30. Bxc4 {[%clk 0:14:20]}  Red8 {[%clk 0:04:45]} 31. Rfc1 {[%clk 0:14:22]}  Kg7 {[%clk 0:04:22]} 32. Kh2 {[%clk 0:14:24]}  f6 {[%clk 0:04:23]} 33. Ra7 {[%clk 0:14:24]} 1-0

[Event "Rapid Tournament (RAP)"]
[Site "Biel, CH"]
[Date "2025.07.13"]
[Round "6"]
[White "Laub, Patrick"]
[Black "Di Meo, Quentin"]
[Result "1-0"]
[Board "39"]
[WhiteFideId "1302566"]
[BlackFideId "1338498"]
[WhiteElo "2018"]
[BlackElo "1821"]
[WhiteTeam "SUI"]
[BlackTeam "SUI"]
[WhiteClock "0:03:49"]
[BlackClock "0:00:09"]
[Variant "Standard"]

1. e4 {[%clk 0:15:07]}  c6 {[%clk 0:15:08]} 2. d3 {[%clk 0:15:06]}  d5 {[%clk 0:15:09]} 3. Nd2 {[%clk 0:15:08]}  e6 {[%clk 0:15:02]} 4. Ngf3 {[%clk 0:15:10]}  Nd7 {[%clk 0:14:40]} 5. g3 {[%clk 0:15:13]}  Be7 {[%clk 0:14:02]} 6. Bg2 {[%clk 0:15:16]}  dxe4 {[%clk 0:13:47]} 7. dxe4 {[%clk 0:15:20]}  Ngf6 {[%clk 0:13:39]} 8. O-O {[%clk 0:15:21]}  b6 {[%clk 0:12:59]} 9. Re1 {[%clk 0:15:20]}  Bb7 {[%clk 0:12:51]} 10. e5 {[%clk 0:15:13]}  Nd5 {[%clk 0:12:33]} 11. c4 {[%clk 0:15:04]}  Nb4 {[%clk 0:11:55]} 12. Ne4 {[%clk 0:14:17]}  Nc5 {[%clk 0:11:23]} 13. Nd6+ {[%clk 0:12:22]}  Bxd6 {[%clk 0:10:47]} 14. exd6 {[%clk 0:13:03]}  Ncd3 {[%clk 0:09:09]} 15. Re3 {[%clk 0:13:01]}  Nxc1 {[%clk 0:09:00]} 16. Rxc1 {[%clk 0:11:16]}  O-O {[%clk 0:07:35]} 17. a3 {[%clk 0:10:53]}  Na6 {[%clk 0:07:20]} 18. Ne5 {[%clk 0:09:46]}  Rc8 {[%clk 0:05:32]} 19. b4 {[%clk 0:09:13]}  Nb8 {[%clk 0:04:17]} 20. c5 {[%clk 0:09:43]}  Nd7 {[%clk 0:04:09]} 21. Nxd7 {[%clk 0:08:47]}  Qxd7 {[%clk 0:04:08]} 22. Qd4 {[%clk 0:08:46]}  bxc5 {[%clk 0:02:58]} 23. bxc5 {[%clk 0:08:49]}  Ba6 {[%clk 0:02:24]} 24. Rb3 {[%clk 0:08:31]}  Rb8 {[%clk 0:02:09]} 25. Rcb1 {[%clk 0:08:32]}  Rb5 {[%clk 0:01:39]} 26. Rxb5 {[%clk 0:08:02]}  Bxb5 {[%clk 0:01:39]} 27. a4 {[%clk 0:08:05]}  Ba6 {[%clk 0:01:24]} 28. Qb4 {[%clk 0:07:25]}  Rd8 {[%clk 0:00:57]} 29. Qa5 {[%clk 0:07:03]}  Bc4 {[%clk 0:00:30]} 30. Rb7 {[%clk 0:06:08]}  Qe8 {[%clk 0:00:19]} 31. Bxc6 {[%clk 0:05:37]}  Qf8 {[%clk 0:00:10]} 32. Qxa7 {[%clk 0:05:38]}  Ra8 {[%clk 0:00:06]} 33. Qb6 {[%clk 0:05:27]}  h6 {[%clk 0:00:07]} 34. Be4 {[%clk 0:05:06]}  g6 {[%clk 0:00:09]} 35. Qb4 {[%clk 0:04:37]}  Be2 {[%clk 0:00:07]} 36. c6 {[%clk 0:04:21]}  Kh7 {[%clk 0:00:07]} 37. c7 {[%clk 0:04:13]}  Ra6 {[%clk 0:00:07]} 38. Qb2 {[%clk 0:04:04]}  Rxd6 {[%clk 0:00:07]} 39. Qxe2 {[%clk 0:04:05]}  Qc8 {[%clk 0:00:06]} 40. Qf3 {[%clk 0:03:58]}  Qd7 {[%clk 0:00:09]} 41. c8=Q {[%clk 0:03:47]}  Qxc8 {[%clk 0:00:09]} 42. Qxf7+ {[%clk 0:03:49]} 1-0

[Event "Rapid Tournament (RAP)"]
[Site "Biel, CH"]
[Date "2025.07.13"]
[Round "6"]
[White "Peter, Raymond"]
[Black "Hardt, Winfried"]
[Result "1-0"]
[Board "40"]
[WhiteFideId "1308890"]
[BlackFideId "1309293"]
[WhiteElo "1968"]
[BlackElo "1798"]
[WhiteTeam "SUI"]
[BlackTeam "SUI"]
[WhiteClock "0:09:03"]
[BlackClock "0:00:00"]
[Variant "Standard"]

1. e4 {[%clk 0:15:07]}  e6 {[%clk 0:15:09]} 2. d4 {[%clk 0:15:11]}  d5 {[%clk 0:15:13]} 3. exd5 {[%clk 0:15:15]}  exd5 {[%clk 0:15:14]} 4. Nf3 {[%clk 0:15:19]}  Bd6 {[%clk 0:15:11]} 5. h3 {[%clk 0:15:22]}  c6 {[%clk 0:15:05]} 6. Bd3 {[%clk 0:15:23]}  Ne7 {[%clk 0:14:57]} 7. O-O {[%clk 0:15:25]}  Bf5 {[%clk 0:14:22]} 8. Bg5 {[%clk 0:15:17]}  f6 {[%clk 0:13:53]} 9. Bh4 {[%clk 0:14:59]}  Bxd3 {[%clk 0:13:29]} 10. Qxd3 {[%clk 0:15:02]}  Qc7 {[%clk 0:12:41]} 11. Re1 {[%clk 0:11:24]}  O-O {[%clk 0:08:33]} 12. c4 {[%clk 0:15:05]}  Ng6 {[%clk 0:07:54]} 13. c5 {[%clk 0:14:36]}  Bf4 {[%clk 0:07:48]} 14. Nbd2 {[%clk 0:13:41]}  Nd7 {[%clk 0:07:53]} 15. Nf1 {[%clk 0:13:44]}  Rae8 {[%clk 0:07:48]} 16. Bg3 {[%clk 0:11:15]}  Qd8 {[%clk 0:05:25]} 17. Qf5 {[%clk 0:13:12]}  Bxg3 {[%clk 0:05:14]} 18. fxg3 {[%clk 0:13:14]}  Rxe1 {[%clk 0:04:52]} 19. Rxe1 {[%clk 0:13:17]}  Re8 {[%clk 0:04:57]} 20. Ne3 {[%clk 0:12:29]}  Re7 {[%clk 0:04:44]} 21. Kf2 {[%clk 0:12:06]}  Qe8 {[%clk 0:04:42]} 22. Qc2 {[%clk 0:11:34]}  Re4 {[%clk 0:04:28]} 23. Nf5 {[%clk 0:11:10]}  Rxe1 {[%clk 0:03:30]} 24. Nxe1 {[%clk 0:11:13]}  Qf8 {[%clk 0:02:08]} 25. Nd6 {[%clk 0:11:13]}  Ne7 {[%clk 0:01:03]} 26. Nf3 {[%clk 0:11:01]}  Nc8 {[%clk 0:01:02]} 27. Nxb7 {[%clk 0:10:53]}  Qe7 {[%clk 0:00:49]} 28. Qf5 {[%clk 0:10:36]}  g6 {[%clk 0:00:07]} 29. Qd3 {[%clk 0:10:00]}  Nf8 {[%clk 0:00:11]} 30. Na5 {[%clk 0:09:53]}  Qe4 {[%clk 0:00:14]} 31. Qxe4 {[%clk 0:09:53]}  dxe4 {[%clk 0:00:19]} 32. Nd2 {[%clk 0:09:54]}  Ne7 {[%clk 0:00:17]} 33. Nxe4 {[%clk 0:09:55]}  Ne6 {[%clk 0:00:18]} 34. Nb3 {[%clk 0:09:48]}  f5 {[%clk 0:00:16]} 35. Nf6+ {[%clk 0:09:26]}  Kg7 {[%clk 0:00:17]} 36. Nd7 {[%clk 0:09:28]}  Nd5 {[%clk 0:00:15]} 37. a3 {[%clk 0:09:18]}  Nd8 {[%clk 0:00:00]} 38. Ne5 {[%clk 0:09:18]}  Kf6 {[%clk 0:00:00]} 39. Na5 {[%clk 0:09:18]}  Ne7 {[%clk 0:00:00]} 40. Ke3 {[%clk 0:09:03]} 1-0

[Event "Rapid Tournament (RAP)"]
[Site "Biel, CH"]
[Date "2025.07.13"]
[Round "6"]
[White "Smith, Alister W"]
[Black "Binggeli, Christian"]
[Result "1-0"]
[Board "41"]
[WhiteFideId "433284"]
[BlackFideId "1307622"]
[WhiteElo "1822"]
[BlackElo "1963"]
[WhiteTeam "ENG"]
[BlackTeam "SUI"]
[WhiteClock "0:05:05"]
[BlackClock "0:00:17"]
[Variant "Standard"]

1. c4 {[%clk 0:13:51]}  f5 {[%clk 0:15:08]} 2. Nc3 {[%clk 0:13:55]}  Nf6 {[%clk 0:15:11]} 3. Nf3 {[%clk 0:13:58]}  g6 {[%clk 0:15:06]} 4. d4 {[%clk 0:14:01]}  Bg7 {[%clk 0:15:09]} 5. e3 {[%clk 0:14:01]}  O-O {[%clk 0:15:10]} 6. g3 {[%clk 0:13:48]}  d6 {[%clk 0:14:59]} 7. Bg2 {[%clk 0:14:08]}  c6 {[%clk 0:14:55]} 8. O-O {[%clk 0:14:10]}  Qc7 {[%clk 0:14:56]} 9. d5 {[%clk 0:14:08]}  e5 {[%clk 0:14:42]} 10. dxc6 {[%clk 0:13:32]}  bxc6 {[%clk 0:14:40]} 11. b3 {[%clk 0:13:23]}  Rd8 {[%clk 0:13:01]} 12. Bb2 {[%clk 0:13:19]}  Na6 {[%clk 0:12:02]} 13. Qe2 {[%clk 0:13:05]}  e4 {[%clk 0:11:15]} 14. Nd4 {[%clk 0:12:58]}  Nc5 {[%clk 0:11:15]} 15. Rfd1 {[%clk 0:12:20]}  Nd3 {[%clk 0:10:26]} 16. Rxd3 {[%clk 0:12:20]}  exd3 {[%clk 0:10:29]} 17. Qxd3 {[%clk 0:12:23]}  d5 {[%clk 0:09:22]} 18. cxd5 {[%clk 0:11:50]}  cxd5 {[%clk 0:09:38]} 19. Rc1 {[%clk 0:11:22]}  Qb6 {[%clk 0:07:53]} 20. Na4 {[%clk 0:10:33]}  Qa6 {[%clk 0:07:47]} 21. Qd1 {[%clk 0:10:30]}  Ne4 {[%clk 0:07:17]} 22. Rc6 {[%clk 0:10:06]}  Qb7 {[%clk 0:06:35]} 23. Rc1 {[%clk 0:09:45]}  Bd7 {[%clk 0:06:22]} 24. Bxe4 {[%clk 0:09:44]}  dxe4 {[%clk 0:05:59]} 25. Nc5 {[%clk 0:09:36]}  Qd5 {[%clk 0:05:43]} 26. Rc4 {[%clk 0:08:08]}  Rac8 {[%clk 0:04:56]} 27. Qc1 {[%clk 0:08:27]}  Bf8 {[%clk 0:04:07]} 28. b4 {[%clk 0:08:03]}  a5 {[%clk 0:03:55]} 29. a3 {[%clk 0:07:53]}  axb4 {[%clk 0:03:05]} 30. axb4 {[%clk 0:07:38]}  Rb8 {[%clk 0:02:47]} 31. Nxd7 {[%clk 0:07:34]}  Rxd7 {[%clk 0:02:47]} 32. b5 {[%clk 0:07:30]}  Bg7 {[%clk 0:02:16]} 33. Rc8+ {[%clk 0:07:21]}  Rd8 {[%clk 0:02:30]} 34. Rc5 {[%clk 0:07:01]}  Qa2 {[%clk 0:02:20]} 35. Rc7 {[%clk 0:05:35]}  Rb6 {[%clk 0:01:38]} 36. Rxg7+ {[%clk 0:05:33]}  Kxg7 {[%clk 0:01:24]} 37. Qc3 {[%clk 0:05:14]}  Kh6 {[%clk 0:00:05]} 38. Nxf5+ {[%clk 0:04:42]}  gxf5 {[%clk 0:00:17]} 39. Qg7+ {[%clk 0:04:39]}  Kh5 {[%clk 0:00:19]} 40. Qxh7+ {[%clk 0:05:18]}  Kg4 {[%clk 0:00:17]} 41. h3+ {[%clk 0:05:18]}  Kf3 {[%clk 0:00:17]} 42. Qh5# {[%clk 0:05:05]} 1-0

[Event "Rapid Tournament (RAP)"]
[Site "Biel, CH"]
[Date "2025.07.13"]
[Round "6"]
[White "Fortier, Nicolas"]
[Black "Wuerth, Thomas"]
[Result "1/2-1/2"]
[Board "42"]
[WhiteFideId "1308750"]
[BlackFideId "1305379"]
[WhiteElo "1816"]
[BlackElo "1954"]
[WhiteTeam "SUI"]
[BlackTeam "SUI"]
[WhiteClock "0:07:54"]
[BlackClock "0:01:42"]
[Variant "Standard"]

1. e4 {[%clk 0:15:07]}  c5 {[%clk 0:15:09]} 2. c3 {[%clk 0:15:09]}  d5 {[%clk 0:15:13]} 3. exd5 {[%clk 0:15:12]}  Qxd5 {[%clk 0:15:16]} 4. d4 {[%clk 0:15:14]}  e6 {[%clk 0:15:08]} 5. Nf3 {[%clk 0:15:15]}  Nf6 {[%clk 0:15:12]} 6. Be3 {[%clk 0:15:11]}  b6 {[%clk 0:14:41]} 7. Be2 {[%clk 0:14:45]}  Be7 {[%clk 0:14:19]} 8. O-O {[%clk 0:14:43]}  Bb7 {[%clk 0:14:12]} 9. dxc5 {[%clk 0:14:37]}  Bxc5 {[%clk 0:13:40]} 10. Qxd5 {[%clk 0:14:35]}  Nxd5 {[%clk 0:13:34]} 11. Bxc5 {[%clk 0:14:38]}  bxc5 {[%clk 0:13:33]} 12. Na3 {[%clk 0:14:08]}  Ke7 {[%clk 0:11:36]} 13. Rfe1 {[%clk 0:13:51]}  Nc6 {[%clk 0:10:46]} 14. Rad1 {[%clk 0:13:16]}  Rad8 {[%clk 0:10:37]} 15. Nc4 {[%clk 0:12:55]}  Nf4 {[%clk 0:08:44]} 16. Bf1 {[%clk 0:12:39]}  f6 {[%clk 0:07:53]} 17. Ne3 {[%clk 0:12:02]}  Rxd1 {[%clk 0:07:05]} 18. Rxd1 {[%clk 0:11:59]}  Rd8 {[%clk 0:07:02]} 19. Rb1 {[%clk 0:10:39]}  a5 {[%clk 0:04:17]} 20. Bc4 {[%clk 0:10:50]}  Nd3 {[%clk 0:03:54]} 21. Kf1 {[%clk 0:10:24]}  Nce5 {[%clk 0:03:31]} 22. Nxe5 {[%clk 0:10:20]}  Nxe5 {[%clk 0:03:35]} 23. Be2 {[%clk 0:10:12]}  Be4 {[%clk 0:03:19]} 24. Rd1 {[%clk 0:10:04]}  Rxd1+ {[%clk 0:03:07]} 25. Nxd1 {[%clk 0:09:51]}  Kd6 {[%clk 0:02:29]} 26. Ne3 {[%clk 0:09:32]}  Bb1 {[%clk 0:02:07]} 27. Nc4+ {[%clk 0:07:50]}  Nxc4 {[%clk 0:02:10]} 28. Bxc4 {[%clk 0:07:54]}  e5 {[%clk 0:01:42]} 1/2-1/2

[Event "Rapid Tournament (RAP)"]
[Site "Biel, CH"]
[Date "2025.07.13"]
[Round "6"]
[White "Keusch, Patrice"]
[Black "Cordes, Jule"]
[Result "0-1"]
[Board "43"]
[WhiteFideId "1352474"]
[BlackFideId "1060708"]
[WhiteElo "1686"]
[BlackElo "1946"]
[WhiteTeam "SUI"]
[BlackTeam "NED"]
[WhiteClock "0:00:10"]
[BlackClock "0:04:53"]
[Variant "Standard"]

1. Nf3 {[%clk 0:15:09]}  Nf6 {[%clk 0:15:09]} 2. g3 {[%clk 0:15:13]}  b6 {[%clk 0:15:13]} 3. Bg2 {[%clk 0:15:17]}  Bb7 {[%clk 0:15:17]} 4. O-O {[%clk 0:15:17]}  g6 {[%clk 0:15:21]} 5. d4 {[%clk 0:15:21]}  Bg7 {[%clk 0:15:10]} 6. c4 {[%clk 0:15:20]}  O-O {[%clk 0:15:20]} 7. Nc3 {[%clk 0:15:22]}  d6 {[%clk 0:14:56]} 8. Qc2 {[%clk 0:15:14]}  c5 {[%clk 0:14:59]} 9. d5 {[%clk 0:13:30]}  e6 {[%clk 0:14:54]} 10. dxe6 {[%clk 0:13:00]}  fxe6 {[%clk 0:14:57]} 11. Ng5 {[%clk 0:11:05]}  Bxg2 {[%clk 0:13:52]} 12. Kxg2 {[%clk 0:09:56]}  Qe7 {[%clk 0:13:48]} 13. Rd1 {[%clk 0:08:23]}  Nc6 {[%clk 0:13:50]} 14. a3 {[%clk 0:06:48]}  Rad8 {[%clk 0:12:35]} 15. Bf4 {[%clk 0:06:17]}  d5 {[%clk 0:12:01]} 16. cxd5 {[%clk 0:05:40]}  exd5 {[%clk 0:12:05]} 17. Nf3 {[%clk 0:04:48]}  Rfe8 {[%clk 0:11:53]} 18. Re1 {[%clk 0:04:18]}  d4 {[%clk 0:10:54]} 19. Na2 {[%clk 0:03:31]}  Nd5 {[%clk 0:09:15]} 20. Bg5 {[%clk 0:03:06]}  Bf6 {[%clk 0:09:19]} 21. Bxf6 {[%clk 0:02:53]}  Qxf6 {[%clk 0:09:22]} 22. Rad1 {[%clk 0:02:35]}  Re6 {[%clk 0:09:07]} 23. Nc1 {[%clk 0:02:26]}  Rf8 {[%clk 0:08:22]} 24. Nd3 {[%clk 0:02:05]}  Nce7 {[%clk 0:07:38]} 25. h4 {[%clk 0:01:54]}  Nf5 {[%clk 0:07:33]} 26. Qc1 {[%clk 0:01:19]}  Nd6 {[%clk 0:06:16]} 27. Ng5 {[%clk 0:01:03]}  Re7 {[%clk 0:06:01]} 28. Nf3 {[%clk 0:00:48]}  Rxe2 {[%clk 0:05:33]} 29. Rxe2 {[%clk 0:00:43]}  Qxf3+ {[%clk 0:05:36]} 30. Kg1 {[%clk 0:00:09]}  Qxe2 {[%clk 0:05:39]} 31. Rd2 {[%clk 0:00:08]}  Qf3 {[%clk 0:05:17]} 32. Ne5 {[%clk 0:00:11]}  Qf5 {[%clk 0:05:17]} 33. Re2 {[%clk 0:00:11]}  Ne4 {[%clk 0:05:07]} 34. Nd3 {[%clk 0:00:09]}  Qf3 {[%clk 0:04:54]} 35. Rc2 {[%clk 0:00:10]}  Qxd3 {[%clk 0:04:53]} 0-1

[Event "Rapid Tournament (RAP)"]
[Site "Biel, CH"]
[Date "2025.07.13"]
[Round "6"]
[White "Flueckiger, Georg"]
[Black "von Burg, Carl Alexander"]
[Result "0-1"]
[Board "44"]
[WhiteFideId "1342592"]
[BlackFideId "1352458"]
[WhiteElo "1895"]
[BlackElo "1726"]
[WhiteTeam "SUI"]
[BlackTeam "SUI"]
[WhiteClock "0:00:00"]
[BlackClock "0:00:23"]
[Variant "Standard"]

1. e4 {[%clk 0:13:08]}  c5 {[%clk 0:15:08]} 2. c3 {[%clk 0:13:12]}  Nc6 {[%clk 0:15:11]} 3. d4 {[%clk 0:13:16]}  d5 {[%clk 0:15:15]} 4. dxc5 {[%clk 0:13:03]}  dxe4 {[%clk 0:15:16]} 5. Qxd8+ {[%clk 0:13:00]}  Kxd8 {[%clk 0:15:19]} 6. Be3 {[%clk 0:12:26]}  e5 {[%clk 0:15:21]} 7. Nd2 {[%clk 0:12:20]}  f5 {[%clk 0:15:23]} 8. Bg5+ {[%clk 0:11:43]}  Kc7 {[%clk 0:14:36]} 9. f3 {[%clk 0:11:28]}  h6 {[%clk 0:14:44]} 10. Bh4 {[%clk 0:11:32]}  g5 {[%clk 0:14:46]} 11. Bf2 {[%clk 0:11:35]}  exf3 {[%clk 0:13:54]} 12. gxf3 {[%clk 0:10:54]}  a5 {[%clk 0:13:24]} 13. O-O-O {[%clk 0:09:05]}  Nf6 {[%clk 0:13:13]} 14. Nc4 {[%clk 0:09:07]}  Nd7 {[%clk 0:12:23]} 15. Nd6 {[%clk 0:07:45]}  Ndb8 {[%clk 0:10:04]} 16. h4 {[%clk 0:06:39]}  Be6 {[%clk 0:08:02]} 17. hxg5 {[%clk 0:06:00]}  Nd7 {[%clk 0:06:48]} 18. g6 {[%clk 0:05:59]}  Rg8 {[%clk 0:05:56]} 19. Bh3 {[%clk 0:03:27]}  Ne7 {[%clk 0:03:08]} 20. Ne2 {[%clk 0:00:51]}  Rxg6 {[%clk 0:05:52]} 21. f4 {[%clk 0:00:55]}  e4 {[%clk 0:05:27]} 22. Nd4 {[%clk 0:00:06]}  Bxa2 {[%clk 0:03:19]} 23. N4xf5 {[%clk 0:00:43]}  Nxf5 {[%clk 0:03:08]} 24. Bxf5 {[%clk 0:00:45]}  Rg2 {[%clk 0:02:16]} 25. Nxe4 {[%clk 0:00:42]}  Nf6 {[%clk 0:01:26]} 26. Bd4 {[%clk 0:00:42]}  Nd5 {[%clk 0:01:11]} 27. Rh4 {[%clk 0:00:26]}  Bb3 {[%clk 0:00:41]} 28. Be5+ {[%clk 0:00:10]}  Kc6 {[%clk 0:00:33]} 29. Re1 {[%clk 0:00:15]}  Re8 {[%clk 0:00:23]} 30. Nd2 {[%clk 0:00:00]}  Ba2 {[%clk 0:00:23]} 0-1

[Event "Rapid Tournament (RAP)"]
[Site "Biel, CH"]
[Date "2025.07.13"]
[Round "6"]
[White "Tereshchenko, Eva"]
[Black "Anetov, Aisultan"]
[Result "1-0"]
[Board "45"]
[WhiteFideId "34389903"]
[BlackFideId "13784943"]
[WhiteElo "1892"]
[BlackElo "1610"]
[WhiteTeam "FID"]
[BlackTeam "KAZ"]
[WhiteClock "0:05:05"]
[BlackClock "0:05:57"]
[Variant "Standard"]

1. e4 {[%clk 0:15:09]}  e5 {[%clk 0:15:09]} 2. Nf3 {[%clk 0:15:13]}  Nc6 {[%clk 0:15:13]} 3. Bb5 {[%clk 0:15:18]}  a6 {[%clk 0:15:17]} 4. Ba4 {[%clk 0:15:22]}  Nf6 {[%clk 0:15:19]} 5. O-O {[%clk 0:15:25]}  Be7 {[%clk 0:15:24]} 6. Re1 {[%clk 0:15:29]}  b5 {[%clk 0:15:28]} 7. Bb3 {[%clk 0:15:33]}  O-O {[%clk 0:15:32]} 8. a4 {[%clk 0:15:35]}  Bb7 {[%clk 0:15:18]} 9. d3 {[%clk 0:15:38]}  d6 {[%clk 0:15:11]} 10. Nc3 {[%clk 0:15:18]}  b4 {[%clk 0:15:11]} 11. Nd5 {[%clk 0:15:17]}  h6 {[%clk 0:15:01]} 12. Bd2 {[%clk 0:15:14]}  a5 {[%clk 0:15:03]} 13. h3 {[%clk 0:14:56]}  Qd7 {[%clk 0:14:31]} 14. Nh2 {[%clk 0:14:39]}  Nd4 {[%clk 0:14:24]} 15. Nxf6+ {[%clk 0:14:02]}  Bxf6 {[%clk 0:14:28]} 16. Ng4 {[%clk 0:14:05]}  Bg5 {[%clk 0:14:10]} 17. Bxg5 {[%clk 0:13:12]}  hxg5 {[%clk 0:14:13]} 18. Qd2 {[%clk 0:12:52]}  Qe7 {[%clk 0:14:17]} 19. Bc4 {[%clk 0:12:48]}  Ba6 {[%clk 0:13:57]} 20. c3 {[%clk 0:12:15]}  bxc3 {[%clk 0:12:58]} 21. bxc3 {[%clk 0:12:18]}  Bxc4 {[%clk 0:12:49]} 22. cxd4 {[%clk 0:12:21]}  Ba6 {[%clk 0:12:51]} 23. dxe5 {[%clk 0:12:06]}  dxe5 {[%clk 0:12:52]} 24. Qxa5 {[%clk 0:11:56]}  f6 {[%clk 0:12:23]} 25. Ne3 {[%clk 0:11:45]}  c6 {[%clk 0:11:52]} 26. Qc3 {[%clk 0:11:40]}  Qd7 {[%clk 0:11:24]} 27. Nc4 {[%clk 0:11:20]}  Rad8 {[%clk 0:11:01]} 28. Red1 {[%clk 0:11:11]}  c5 {[%clk 0:09:40]} 29. Ne3 {[%clk 0:10:28]}  Qd4 {[%clk 0:09:29]} 30. Qb3+ {[%clk 0:10:22]}  Kh8 {[%clk 0:09:26]} 31. Nf5 {[%clk 0:07:42]}  Qb4 {[%clk 0:08:17]} 32. Qc2 {[%clk 0:05:54]}  Bc8 {[%clk 0:08:02]} 33. Ne7 {[%clk 0:05:47]}  Be6 {[%clk 0:06:48]} 34. Qe2 {[%clk 0:05:07]}  Rd7 {[%clk 0:05:57]} 35. Qh5# {[%clk 0:05:05]} 1-0